| 000 | 004020000a22001570004500 | ||
|---|---|---|---|
| 003 | MACL | ||
| 005 | 20181104165910.0 | ||
| 008 | 181104b xxu||||| |||| 00| 0 eng d | ||
| 040 |
_aMACL _cmacl |
||
| 100 |
_aRowlling,J,K. _973161 |
||
| 245 | _aHarry Potter and the Goblet of Fire part-4 | ||
| 260 |
_alondon _bBloomsbury _c2000 |
||
| 350 | _aL6.99 | ||
| 650 |
_aNovel _973162 |
||
| 942 |
_cBK _k823/ROW _2ddc |
||
| 999 |
_c47416 _d47416 |
||